000 00461nam a2200193Ia 4500
003 GCL
008 140319s9999 xx 000 0 eng d
040 _aGCL /
_cGCL
082 0 4 _a759
_bL T
100 1 _aLAPEYRE, JEAN
245 1 0 _aTAULOUS - LAUTREC /
_cLAPEYRE, JEAN
260 _a[S.N] :
_bHACHETTE ،
_c1966
490 _aGRANDS PEINTRES
_v0
650 0 4 _aLAUTREC
650 0 4 _aARTS
650 0 4 _aPAINTING
650 0 4 _aART, FRANCE
942 _2ddc
_cBK
999 _c20734
_d20734